Canadian Prime Ministers - One Minute Sprint - Statistics

General Stats
  • This quiz has been taken 9 times
  • The average score is 16 of 29
Answer Stats
Term Prime Minister % Correct
1968 – 1979 Joseph Philippe Pierre Yves Elliott Trudeau
86%
1980 – 1984 Joseph Philippe Pierre Yves Elliott Trudeau
86%
2015 – 2025 Justin Pierre James Trudeau
86%
2025 Mark Joseph Carney
86%
1867 – 1873 John Alexander Macdonald
71%
1878 – 1891 John Alexander Macdonald
71%
1873 – 1878 Alexander Mackenzie
57%
1993 Avril Phaedra Douglas Campbell
57%
1896 Charles Tupper
57%
1993 – 2003 Joseph Jacques Jean Chrétien
57%
1984 – 1993 Martin Brian Mulroney
57%
1911 – 1920 Robert Laird Borden
57%
2006 – 2015 Stephen Joseph Harper
57%
1896 – 1911 Wilfrid Laurier
57%
1979 – 1980 Charles Joseph Clark
43%
1891 – 1892 John Abbott
43%
1957 – 1963 John George Diefenbaker
43%
1984 John Napier Wyndham Turner
43%
1892 – 1894 John Sparrow David Thompson
43%
1963 – 1968 Lester Bowles Pearson
43%
1948 – 1957 Louis Stephen Saint Laurent
43%
1894 – 1896 Mackenzie Bowell
43%
2003 – 2006 Paul Edgar Philippe Martin
43%
1930 – 1935 Richard Bedford Bennett
43%
1921 – 1926 William Lyon Mackenzie King
43%
1926 – 1930 William Lyon Mackenzie King
43%
1935 – 1948 William Lyon Mackenzie King
43%
1920 – 1921 Arthur Meighen
29%
1926 Arthur Meighen
29%
No matching quizzes found
Score Distribution
Percent of People with Each Score
Percentile by Number Answered
Your Score History
You have not taken this quiz